000 00340pab a2200145 454500
008 180718b1997 xxu||||| |||| 00| 0 eng d
100 _aWasir, Harbans S.
245 _aEnvironmental pollution and heart disease
260 _c1997
300 _ap.113-15,121
362 _aAug
650 _aPollution
773 _aYojana
909 _a35155
999 _c35155
_d35155